Relaciones internacionales: teoría y práctica
Na minha lista:
| Autor principal: | |
|---|---|
| Formato: | Livro |
| Idioma: | espanhol |
| Publicado em: |
Santiago
PNUD-CEPAL
1988
|
| Colecção: | Documento de Trabajo, 2
|
| Assuntos: | |
| Tags: |
Adicionar Tag
Sem tags, seja o primeiro a adicionar uma tag!
|
MARC
| LEADER | 00000nam a2200000 a 4500 | ||
|---|---|---|---|
| 001 | UCO8125 | ||
| 003 | CL-VaPUC | ||
| 008 | 001201e19880000CL |||||||||||||||||spa|d | ||
| 082 | 0 | 4 | |a 327.101 |b TOM |2 21 |
| 100 | 0 | |a Tomassini Olivares, Luciano |e author |9 452895 | |
| 245 | 1 | 0 | |a Relaciones internacionales: teoría y práctica |
| 300 | |a 202 p | ||
| 942 | |c BK | ||
| 945 | |d 20001201 00:00:00 |a crobeson | ||
| 260 | |a Santiago |b PNUD-CEPAL |c 1988 | ||
| 500 | |a Donación del profesor Manfred Wilhelmy von Wolff | ||
| 650 | 0 | |a Relaciones Internacionales |9 255740 | |
| 650 | 0 | |a Ciencias Políticas |9 255201 | |
| 650 | 7 | |a TEORIA POLITICA |2 CL-VaPUC |9 452896 | |
| 650 | 0 | |a Política exterior |9 316628 | |
| 650 | 0 | |a Toma de decisiones |9 257530 | |
| 583 | |a last modification |c 20001201 00:00:00 |k Rodrigo Vera | ||
| 490 | 0 | |a Documento de Trabajo, 2 | |
| 999 | |c 292856 |d 292854 | ||
| 952 | |0 0 |1 0 |4 0 |6 327_101000000000000_TOM_1988 |7 0 |8 A |9 343932 |a BIBHIS |b BIBHIS |d 2019-11-20 |i 1235656 |o 327.101 TOM 1988 |p 1235656 |r 2025-01-20 |w 2019-11-20 |y BK |k HIS | ||